[Event "Polanica Zdroj op 59th"]
[Site "Polanica Zdroj"]
[Date "2023.08.25"]
[Round "7"]
[White "Zerebiec, Maurycy"]
[Black "Smietanska, Wiktoria"]
[Result "0-1"]
[WhiteElo "1925"]
[BlackElo "2017"]
[PlyCount "72"]
[EventDate "2023.08.19"]
[EventType "swiss"]
[EventRounds "9"]
[EventCountry "POL"]
[SourceTitle "CBM 215 Extra"]
[Source "ChessBase"]
[SourceDate "2023.09.30"]
[SourceVersion "1"]
[SourceVersionDate "2023.09.30"]
[SourceQuality "1"]

1. c4 e5 2. Nc3 Nf6 3. e4 Bb4 4. Nge2 c6 5. Qb3 Na6 6. a3 Nc5 7. Qc2 Bxc3 8. Nxc3 Ne6 9. b4 Nd4 10. Qb1 d5 11. d3 0-0 12. cxd5 cxd5 13. Be3 Be6 14. Be2 Rc8 15. Bxd4 exd4 16. Nxd5 Nxd5 17. exd5 Bxd5 18. 0-0 Qg5 19. g3 Qf5 20. Re1 h5 21. Qb2 Rc3 22. Rac1 Rfc8 23. Rxc3 dxc3 24. Qc2 h4 25. g4 Qf6 26. h3 Re8 27. Qc1 Rxe2 28. Rxe2 Qf3 29. Re4 Bxe4 30. dxe4 Qd3 31. Qf4 Qd1+ 32. Kg2 c2 33. g5 c1Q 34. Qxh4 Qh1+ 35. Kg3 Qc3+ 36. Kf4 Qhf3# 0-1

[Event "EU-ch Blitz"]
[Site "Katowice"]
[Date "2022.12.16"]
[Round "7"]
[White "Zerebiec, Maurycy"]
[Black "Garcia Martin, Marta"]
[Result "1-0"]
[WhiteElo "1917"]
[BlackElo "2301"]
[PlyCount "41"]
[EventDate "2022.12.16"]
[EventType "swiss (blitz)"]
[EventRounds "22"]
[EventCountry "POL"]
[SourceTitle "CBM 211 Extra"]
[Source "ChessBase"]
[SourceDate "2023.01.31"]
[SourceVersion "1"]
[SourceVersionDate "2023.01.31"]
[SourceQuality "1"]

1. c4 e6 2. e4 c5 3. Nc3 Nc6 4. g3 Nge7 5. Bg2 Nd4 6. Nge2 Nec6 7. 0-0 g6 8. d3 Bg7 9. Be3 0-0 10. Rb1 d6 11. a3 a5 12. b4 Nxe2+ 13. Nxe2 axb4 14. axb4 Nxb4 15. d4 Qc7 16. e5 dxe5 17. dxe5 Nc6 18. Qd6 Qa5 19. Rb5 Qa2 20. Nc3 Qxc4 21. Rc1 1-0

[Event "EU-ch Blitz"]
[Site "Katowice"]
[Date "2022.12.16"]
[Round "3"]
[White "Zerebiec, Maurycy"]
[Black "Mitusov, Semen"]
[Result "0-1"]
[WhiteElo "1917"]
[BlackElo "2397"]
[PlyCount "52"]
[EventDate "2022.12.16"]
[EventType "swiss (blitz)"]
[EventRounds "22"]
[EventCountry "POL"]
[SourceTitle "CBM 211 Extra"]
[Source "ChessBase"]
[SourceDate "2023.01.31"]
[SourceVersion "1"]
[SourceVersionDate "2023.01.31"]
[SourceQuality "1"]

1. c4 e6 2. e4 d5 3. exd5 exd5 4. d4 Nf6 5. Nf3 Be7 6. Nc3 0-0 7. Be2 h6 8. 0-0 Be6 9. Ne5 dxc4 10. Bxc4 Bxc4 11. Nxc4 Nc6 12. Be3 Nd5 13. Qf3 Nb6 14. Ne5 Nxd4 15. Qg4 Ne6 16. Bxh6 f5 17. Qg3 Bh4 18. Qh3 gxh6 19. g3 Be7 20. Qxh6 Rf6 21. Ng6 Bd6 22. Qh8+ Kf7 23. Qh7+ Ng7 24. Nh8+ Kf8 25. Ng6+ Kf7 26. Nh8+ Qxh8 0-1

[Event "Polanica Zdroj op-B 58th"]
[Site "Polanica Zdroj"]
[Date "2022.08.20"]
[Round "8"]
[White "Buchholz, Maja Patricia"]
[Black "Zerebiec, Maurycy"]
[Result "0-1"]
[WhiteElo "1879"]
[BlackElo "1915"]
[PlyCount "84"]
[EventDate "2022.08.13"]
[EventType "swiss"]
[EventRounds "9"]
[EventCountry "POL"]
[SourceTitle "CBM 210 Extra"]
[Source "ChessBase"]
[SourceDate "2022.11.30"]
[SourceVersion "1"]
[SourceVersionDate "2022.11.30"]
[SourceQuality "1"]

1. c4 c5 2. g3 Nc6 3. Bg2 g6 4. Nc3 Bg7 5. Nf3 e5 6. 0-0 d6 7. a3 Nge7 8. b4 Be6 9. Ng5 Bxc4 10. d3 e4 11. Ncxe4 Bd5 12. bxc5 dxc5 13. Bf4 0-0 14. Nd6 Bxg2 15. Kxg2 Nd5 16. Nxb7 Nxf4+ 17. gxf4 Qe7 18. Rb1 Rab8 19. Qa4 Nd4 20. Na5 Rxb1 21. Rxb1 Qxe2 22. Qd1 Qxd1 23. Rxd1 f5 24. Re1 Bf6 25. Rb1 h6 26. Nh3 Kg7 27. Nc4 Rf7 28. Ne5 Bxe5 29. fxe5 g5 30. f4 g4 31. Ng1 Rd7 32. Kg3 Nc2 33. Rb3 Ne1 34. Kf2 Nxd3+ 35. Ke3 Ne1 36. Ne2 Nc2+ 37. Kf2 Rd2 38. Rc3 Nd4 39. Re3 h5 40. Ke1 Rxe2+ 41. Rxe2 Nxe2 42. Kxe2 h4 0-1

[Event "Polanica Zdroj op-B 58th"]
[Site "Polanica Zdroj"]
[Date "2022.08.13"]
[Round "1"]
[White "Zerebiec, Maurycy"]
[Black "Wesolek, Krzysztof"]
[Result "1-0"]
[WhiteElo "1915"]
[BlackElo "1747"]
[PlyCount "95"]
[EventDate "2022.08.13"]
[EventType "swiss"]
[EventRounds "9"]
[EventCountry "POL"]
[SourceTitle "CBM 210 Extra"]
[Source "ChessBase"]
[SourceDate "2022.11.30"]
[SourceVersion "1"]
[SourceVersionDate "2022.11.30"]
[SourceQuality "1"]

1. c4 Nf6 2. Nc3 e6 3. e4 d5 4. cxd5 exd5 5. e5 Nfd7 6. d4 Nb6 7. f4 c5 8. Nf3 Nc6 9. Be3 cxd4 10. Nxd4 Bb4 11. Bd3 0-0 12. 0-0 Qe7 13. Nf3 Bc5 14. Bxc5 Qxc5+ 15. Kh1 f5 16. exf6 Rxf6 17. Ng5 h6 18. Qh5 Bd7 19. Nge4 Qf8 20. Nxf6+ Qxf6 21. Nxd5 Nxd5 22. Qxd5+ Be6 23. Qe4 Rd8 24. Rae1 Bxa2 25. Bc4+ Bxc4 26. Qxc4+ Kh8 27. Re6 Qxb2 28. Rfe1 Rf8 29. Re8 Qf6 30. Qc5 Kg8 31. Qd5+ Kh7 32. Rxf8 Qxf8 33. f5 a5 34. Qd7 Qb4 35. Qe6 Qg4 36. f6 Qxe6 37. Rxe6 gxf6 38. Rxf6 Kg7 39. Rd6 Kf8 40. Rxh6 a4 41. g4 Kg7 42. g5 Na5 43. Rb6 a3 44. Rb4 b6 45. Ra4 Kg6 46. h4 b5 47. Rxa5 b4 48. Ra4 1-0

[Event "Wroclaw Anderssen Memorial"]
[Site "Wroclaw"]
[Date "2022.07.30"]
[Round "6"]
[White "Mis, Mieszko"]
[Black "Zerebiec, Maurycy"]
[Result "1/2-1/2"]
[WhiteElo "2401"]
[BlackElo "1915"]
[PlyCount "127"]
[EventDate "2022.07.30"]
[EventType "swiss (rapid)"]
[EventRounds "9"]
[EventCountry "POL"]
[SourceTitle "CBM 209 Extra"]
[Source "ChessBase"]
[SourceDate "2022.09.30"]
[SourceVersion "1"]
[SourceVersionDate "2022.09.30"]
[SourceQuality "1"]

1. e4 e6 2. d4 d5 3. Nc3 Bb4 4. Nge2 Ne7 5. a3 Bxc3+ 6. Nxc3 b6 7. Bg5 Bb7 8. exd5 Bxd5 9. Nxd5 Qxd5 10. Qd2 Nbc6 11. 0-0-0 Nf5 12. Kb1 h6 13. Be3 0-0 14. c4 Qa5 15. g4 Qxd2 16. Rxd2 Nxe3 17. fxe3 Rad8 18. Be2 Rd6 19. Kc2 Rfd8 20. Kc3 Ne7 21. Rhd1 c5 22. b4 cxd4+ 23. exd4 Nc6 24. Bf3 Ne7 25. Re1 Kf8 26. Re5 Ng6 27. Re3 Ne7 28. a4 g5 29. a5 f5 30. axb6 axb6 31. Re5 Ng6 32. Rb5 e5 33. d5 e4 34. gxf5 exf3 35. fxg6 Rf6 36. Rf2 g4 37. c5 Rxd5 38. Rxb6 Rxb6 39. cxb6 Rb5 40. Kc4 Rxb6 41. b5 Ke7 42. g7 Kf7 43. Kc5 Rb8 44. Rb2 h5 45. Kd6 Kxg7 46. Ke5 Rf8 47. Rf2 Kg6 48. b6 Kg5 49. b7 Rb8 50. Rb2 h4 51. Ke4 Re8+ 52. Kd4 g3 53. b8Q Rxb8 54. Rxb8 f2 55. Rg8+ Kf4 56. Rf8+ Kg4 57. hxg3 hxg3 58. Ke3 Kh3 59. Ke2 Kg2 60. Rf7 Kg1 61. Rf6 Kg2 62. Rf5 Kg1 63. Rf4 Kg2 64. Rf5 1/2-1/2

[Event "Wroclaw Anderssen Memorial"]
[Site "Wroclaw"]
[Date "2022.07.30"]
[Round "7"]
[White "Zerebiec, Maurycy"]
[Black "Sieciechowicz, Marcin"]
[Result "1/2-1/2"]
[WhiteElo "1915"]
[BlackElo "2383"]
[PlyCount "118"]
[EventDate "2022.07.30"]
[EventType "swiss (rapid)"]
[EventRounds "9"]
[EventCountry "POL"]
[SourceTitle "CBM 209 Extra"]
[Source "ChessBase"]
[SourceDate "2022.09.30"]
[SourceVersion "1"]
[SourceVersionDate "2022.09.30"]
[SourceQuality "1"]

1. c4 Nf6 2. Nc3 g6 3. e4 d6 4. g3 Bg7 5. Bg2 0-0 6. Nge2 c5 7. 0-0 Nc6 8. d3 Ne8 9. Be3 Nd4 10. Rb1 a5 11. Nb5 Nxe2+ 12. Qxe2 Nc7 13. Nxc7 Qxc7 14. Rfd1 Bd7 15. d4 cxd4 16. Bxd4 Bxd4 17. Rxd4 Rac8 18. b3 a4 19. Rbd1 Be6 20. h4 h5 21. Kh2 Qc5 22. Bh3 Ra8 23. f4 Bxh3 24. Kxh3 axb3 25. axb3 Ra3 26. Qf3 Rfa8 27. f5 Ra2 28. R1d2 Rxd2 29. Rxd2 Qe5 30. Rf2 Kg7 31. fxg6 fxg6 32. Qf7+ Kh6 33. Qf4+ Qxf4 34. gxf4 Ra3 35. Rf3 Kg7 36. Kg3 Kf6 37. Rd3 Ke6 38. Kf3 Ra1 39. Rd5 Rf1+ 40. Ke3 Rh1 41. Rg5 Rh3+ 42. Kd4 Kf6 43. f5 e5+ 44. fxe6 Rxh4 45. e7 Kxe7 46. Rxg6 Rg4 47. Rxg4 hxg4 48. Ke3 Ke6 49. Kf4 b6 50. Kxg4 Ke5 51. Kf3 Kd4 52. Kf4 Kc3 53. Ke3 Kxb3 54. Kd4 Kc2 55. Kd5 Kd3 56. Kxd6 Kxe4 57. Kc6 Kd4 58. Kb5 Kc3 59. Kxb6 Kxc4 1/2-1/2

[Event "Bydgoszcz PGNiG Blitz"]
[Site "Bydgoszcz"]
[Date "2021.09.19"]
[Round "4"]
[White "Janaszak, Dawid"]
[Black "Zerebiec, Maurycy"]
[Result "1/2-1/2"]
[WhiteElo "2348"]
[BlackElo "1915"]
[PlyCount "76"]
[EventDate "2021.09.19"]
[EventType "swiss (blitz)"]
[EventRounds "13"]
[EventCountry "POL"]
[SourceTitle "CBM 204 Extra"]
[Source "ChessBase"]
[SourceDate "2021.11.30"]
[SourceVersion "1"]
[SourceVersionDate "2021.11.30"]
[SourceQuality "1"]

1. e4 e6 2. d4 d5 3. Bd3 c5 4. exd5 exd5 5. c3 Nf6 6. Nf3 Nc6 7. 0-0 Be7 8. dxc5 Bxc5 9. Nbd2 0-0 10. Nb3 Bb6 11. Bg5 h6 12. Bh4 g5 13. Bg3 Ne4 14. Bxe4 dxe4 15. Ne5 f5 16. Nxc6 bxc6 17. Be5 Ba6 18. Re1 Qxd1 19. Raxd1 Rad8 20. Bd4 Bd3 21. Nc5 Bxc5 22. Bxc5 Rf7 23. f3 Rfd7 24. fxe4 Bxe4 25. Rd4 Rxd4 26. Bxd4 Rd7 27. b4 Kf7 28. g4 a6 29. gxf5 Bxf5 30. Kf2 Re7 31. Rd1 Bg4 32. Rd2 Kg6 33. Kg3 h5 34. Rf2 Rf7 35. Rxf7 Kxf7 36. a4 Bd1 37. a5 Ke6 38. h4 gxh4+ 1/2-1/2

[Event "POL Cup op rapid"]
[Site "Lodz"]
[Date "2021.08.07"]
[Round "4"]
[White "Kowalczyk, Pawel"]
[Black "Zerebiec, Maurycy"]
[Result "0-1"]
[WhiteElo "2357"]
[BlackElo "1901"]
[PlyCount "140"]
[EventDate "2021.08.07"]
[EventType "swiss (rapid)"]
[EventRounds "9"]
[EventCountry "POL"]
[SourceTitle "CBM 203 Extra"]
[Source "ChessBase"]
[SourceDate "2021.09.30"]
[SourceVersion "1"]
[SourceVersionDate "2021.09.30"]
[SourceQuality "1"]

1. d4 d5 2. c4 Nc6 3. Nf3 Bg4 4. cxd5 Bxf3 5. gxf3 Qxd5 6. e3 e5 7. Nc3 Bb4 8. a3 Bxc3+ 9. bxc3 exd4 10. cxd4 Nf6 11. Rb1 0-0-0 12. Qb3 Qxb3 13. Rxb3 Rhe8 14. Bh3+ Kb8 15. 0-0 Nd5 16. Bd2 Nb6 17. Rfb1 Rd5 18. f4 Na5 19. Rb5 Rxb5 20. Rxb5 Nac4 21. Bc1 c6 22. Rh5 h6 23. Bf1 Nd6 24. Bd3 Nd5 25. Bd2 Ne4 26. Be1 Kc7 27. Re5 Rxe5 28. fxe5 Ng5 29. Kg2 Ne6 30. Bd2 f6 31. Bf5 Nf8 32. e4 Ne7 33. exf6 gxf6 34. Bxh6 Nxf5 35. exf5 Nd7 36. h4 Kd6 37. h5 Ke7 38. Kf3 Kf7 39. Ke4 Nb6 40. Bf4 Nd5 41. Bb8 a5 42. f3 a4 43. Bg3 b5 44. Be1 Kg7 45. Bd2 Kf7 46. Kd3 Kg7 47. Ke2 Kf7 48. Kf2 Ne7 49. Ke3 Nd5+ 50. Kd3 Kg7 51. Ke2 Ne7 52. d5 cxd5 53. Kd3 Nxf5 54. Kc3 Nh4 55. Kb4 Nxf3 56. Bc1 d4 57. Kxb5 d3 58. Kxa4 d2 59. Bxd2 Nxd2 60. Kb4 Ne4 61. a4 Nd6 62. Kc5 Nc8 63. a5 Kh6 64. a6 f5 65. Kc6 f4 66. Kb7 Nd6+ 67. Kc6 Nc8 68. Kb7 Nd6+ 69. Kc7 Nb5+ 70. Kb6 f3 0-1